Hide and Seek - Countries #4 - Statistics

General Stats
  • This quiz has been taken 16 times
  • The average score is 6 of 9
Answer Stats
Answer % Correct
Germany
93%
Italy
93%
Hungary
79%
Norway
79%
Paraguay
71%
Turkey
71%
Uruguay
71%
Vatican City
57%
They all end in the letter Y.
29%
No matching quizzes found
Score Distribution
Percent of People with Each Score
Percentile by Number Answered
Your Score History
You have not taken this quiz